000 00575nam a2200229Ia 4500
003 OSt
005 20220928151300.0
006 a|||||r|||| 00| 0
007 ta
008 220927b |||||||| |||| 00| 0 eng d
024 _a122617
037 _cTextual
040 _aSDCL
_cSDCL
_beng
041 _2eng
_aeng
082 _aO115,1Gx, L3
100 _aTaylor Paul B
_9516869
245 0 _aElder edda
_b A selection.
260 _c1973
700 _a Auden W H
942 _hO115,1Gx, L3
_cTEXL
_2CC
999 _c850872
_d850872